Teorie systémů a základy systémového inženýrství pro posl. lesnické fak. meziob. stud. EŘLH

Bibliographic Details
Main Author: Kořínek, Josef (Author)
Format: Book
Language:Czech
PhysicalDescription:39 s. 4°
Published: Brno VŠZ 1989
Subjects:

MARC

LEADER 00000nam a2200000 a 4500
001 vtls001330292
003 SK-MaSNL
005 20260302070527.0
008 240313s1989 xr 0 cze
035 |a SNK000283153 
040 |a SNK  |b slo  |c SNK  |e AACR2 
041 0 |a cze 
044 |a CZ 
080 |a 005:681.3(075.8)  |2 1981 
080 |a 519.876(075.8)  |2 1981 
100 1 |a Kořínek, Josef  |4 aut  |9 293471 
245 1 |a Teorie systémů a základy systémového inženýrství  |b pro posl. lesnické fak. meziob. stud. EŘLH  |c Josef Kořínek 
260 |a Brno  |b VŠZ  |c 1989 
300 |a 39 s.  |c 4° 
650 0 7 |a teória systémov  |2 SNKPH  |9 1594 
650 0 7 |a systémové inžinierstvo  |2 SNKPH  |9 28615 
655 7 |a učebnice vysokých škôl  |2 SNKPH  |9 70191 
958 |a RK 
958 |a OND 
999 |c 1147683  |d 1149613 
952 |t P60, <04>, [BOOK], {604}  |a SNK  |b SNK  |y VYP  |7 0  |o snkIB 63535  |i snkKIP 885/90  |0 0  |1 0  |4 0  |d 1998-05-06  |l 0  |r 2005-01-02 00:00:00  |w 2026-02-24 
952 |t P60, <04>, [BOOK], {604}  |a SNK  |b SNK  |y VYP  |7 0  |o snkIB 63535 D1  |i snkKIP 886/90  |0 0  |1 0  |4 0  |d 1998-05-06  |l 0  |r 2005-01-02 00:00:00  |w 2026-02-24